[Event "TCh-Moscow 2014"]
[Site "Moscow RUS"]
[Date "2014.10.10"]
[Round "9.2"]
[White "Mikhailov, Viacheslav"]
[Black "Babarykin, Stanislav"]
[Result "1-0"]
[WhiteTitle "FM"]
[BlackTitle "FM"]
[WhiteElo "2355"]
[BlackElo "2378"]
[WhiteTeam "Boavista"]
[BlackTeam "Navigator"]
[WhiteFideId "4187369"]
[BlackFideId "4101898"]
[EventDate "2014.09.27"]

1. c4 e5 2. g3 Nf6 3. Bg2 d5 4. cxd5 Nxd5 5. Nc3 Nb6 6. Nf3 Nc6 7. O-O Be7 8. d3
O-O 9. a3 Be6 10. b4 a5 11. b5 Nd4 12. Rb1 f6 13. Bb2 Qd7 14. Nxd4 exd4 15. Na4
Rab8 16. Bc1 Ba2 17. Rb2 Bf7 18. Rb1 Rfe8 19. Qc2 Nxa4 20. Qxa4 Bc5 21. Qxa5
Rxe2 22. Bf4 Bb6 23. Qb4 g5 24. Bd2 Ra8 25. Bxb7 Ra7 26. Bf3 Re5 27. Rfe1 Bc5
28. Qb2 Bxa3 29. b6 cxb6 30. Qxb6 Bc5 31. Qxf6 Rf5 32. Rb8+ Bf8 33. Rxf8+ 1-0

[Event "TCh-Moscow 2014"]
[Site "Moscow RUS"]
[Date "2014.10.10"]
[Round "9.2"]
[White "Lomasov, Semen"]
[Black "Denishev, Marat"]
[Result "1/2-1/2"]
[WhiteElo "2259"]
[BlackElo "2183"]
[WhiteTeam "Navigator"]
[BlackTeam "Boavista"]
[WhiteFideId "24164879"]
[BlackFideId "24131563"]
[EventDate "2014.09.27"]

1. e4 e6 2. d4 d5 3. Nc3 Nf6 4. e5 Nfd7 5. f4 c5 6. Nf3 Nc6 7. Be3 cxd4 8. Nxd4
Bc5 9. Qd2 Nxd4 10. Bxd4 a6 11. O-O-O Bxd4 12. Qxd4 Qb6 13. Ne2 O-O 14. h4 Qxd4
15. Nxd4 Nc5 16. Bd3 Bd7 17. h5 f6 18. Rdf1 Rf7 19. b4 Nxd3+ 20. cxd3 Raf8 21.
Rf3 fxe5 22. fxe5 Rf4 23. Rhf1 Rc8+ 24. Nc2 Rxb4 25. Rf8+ Rxf8 26. Rxf8+ Kxf8
27. Nxb4 Ba4 28. d4 Bb5 29. Kd2 Kf7 30. Nc2 g6 31. hxg6+ Kxg6 32. Ne3 Kg5 33. g3
a5 34. a3 Ba4 35. Kc3 b6 36. Kd2 Bb3 37. Kc3 Ba4 38. Kd2 Be8 39. Kc3 Bg6 40. Kd2
Be4 41. Kc3 Bf3 42. Kd2 b5 43. Kc3 Be2 44. Kd2 Bc4 45. Kc3 h5 46. Ng2 Be2 47.
Ne3 h4 48. gxh4+ Kxh4 49. Kd2 Bh5 50. Nc2 Kg4 51. Na1 Kf4 52. Nb3 Ke4 53. Kc3
b4+ 54. axb4 axb4+ 55. Kxb4 Bd1 56. Nc5+ Kxd4 57. Nxe6+ Kxe5 58. Nc7 d4 59. Nb5
d3 60. Kc3 1/2-1/2

[Event "TCh-Moscow 2014"]
[Site "Moscow RUS"]
[Date "2014.10.10"]
[Round "9.2"]
[White "Bivol, Alina"]
[Black "Mesropov, Konstantin"]
[Result "1-0"]
[WhiteTitle "WIM"]
[BlackTitle "IM"]
[WhiteElo "2208"]
[BlackElo "2431"]
[WhiteTeam "Boavista"]
[BlackTeam "Navigator"]
[WhiteFideId "4100123"]
[BlackFideId "4116887"]
[EventDate "2014.09.27"]

1. e4 e6 2. d4 d5 3. exd5 exd5 4. c4 Nf6 5. Nc3 Be7 6. Nf3 O-O 7. Be2 Nc6 8. O-O
Be6 9. b3 Ne4 10. Bb2 Nxc3 11. Bxc3 a5 12. Qc2 Qc8 13. Rad1 Rd8 14. Rfe1 Bf5 15.
Bd3 Bxd3 16. Qxd3 Bf6 17. h3 h6 18. Nh2 h5 19. Qf3 Nb4 20. Qxh5 Nxa2 21. Ba1 g6
22. Qe2 Nb4 23. Ng4 Bg7 24. Bc3 dxc4 25. Bxb4 axb4 26. Qxc4 Qd7 27. Qxb4 b6 28.
Re7 Qd6 29. Qxd6 Rxd6 30. Rxc7 Rxd4 31. Nh6+ Kh7 32. Rxd4 Bxd4 33. Nxf7 Ra1+ 34.
Kh2 Bxf2 35. Ne5+ Kg8 36. Nxg6 Bc5 37. Rd7 Rb1 38. Rd3 b5 39. Kg3 b4 40. Nf4 Rc1
41. Nd5 Rc2 42. h4 Kf7 43. h5 Re2 44. Nf4 Re8 45. Kf3 Bf8 46. Rd7+ Kf6 47. g4
Re1 48. Rd3 Rf1+ 49. Kg3 Rg1+ 50. Kh4 Rh1+ 51. Nh3 Be7 52. g5+ Kf5 53. Rf3+ Ke4
54. Rf4+ Ke5 55. Rg4 Kf5 56. Rg2 Rf1 57. h6 Kg6 58. Kg4 Rb1 59. Re2 Bxg5 60.
Nxg5 Kxh6 61. Re6+ Kg7 62. Re3 Kf6 63. Ne4+ Ke5 64. Nd2+ Kd4 65. Re4+ Kd3 66.
Nxb1 Kxe4 67. Nd2+ 1-0

[Event "TCh-Moscow 2014"]
[Site "Moscow RUS"]
[Date "2014.10.10"]
[Round "9.2"]
[White "Pipnikov, Nikolay"]
[Black "Okun, Evgeny"]
[Result "1/2-1/2"]
[WhiteElo "2321"]
[BlackElo "2121"]
[WhiteTeam "Navigator"]
[BlackTeam "Boavista"]
[WhiteFideId "4184670"]
[BlackFideId "24131806"]
[EventDate "2014.09.27"]

1. d4 f5 2. c4 g6 3. h4 Nf6 4. h5 Nxh5 5. Rxh5 gxh5 6. e4 d6 7. Nc3 c6 8. e5 Bg7
9. Qxh5+ Kf8 10. Bh6 Rg8 11. O-O-O Qe8 12. Qh2 Qg6 13. Bf4 Nd7 14. Be2 dxe5 15.
dxe5 h5 16. Nf3 Rh8 17. Nh4 Qe6 18. Qg3 Kf7 19. Nf3 Bh6 20. Bxh6 Qxh6+ 21. Ng5+
Kg6 22. e6 Qxg5+ 23. Qxg5+ Kxg5 24. exd7 Rd8 25. dxc8=Q Rxd1+ 26. Kxd1 Rxc8 27.
b4 Rd8+ 28. Ke1 e5 29. a4 a5 30. b5 h4 31. c5 Kf6 32. f3 Ke7 33. Kf2 Rd4 34. Ke3
Rb4 35. b6 Ke6 36. Bd3 Rb2 37. Bc4+ Ke7 38. Be2 Ke6 39. f4 Rb4 40. fxe5 Kxe5 41.
Kd3 Rd4+ 42. Kc2 Rb4 43. Kd3 Rd4+ 44. Kc2 Rb4 45. Bf1 Kd4 46. Na2 Rxa4 47. Kb3
Rxa2 48. Kxa2 Kxc5 49. Kb3 Kxb6 50. Kc4 a4 51. Bd3 f4 52. Kb4 a3 53. Kxa3 Kc5
54. Bf5 b5 55. Kb3 Kd5 56. Bd7 Kd6 57. Bg4 c5 58. Be2 c4+ 59. Kb4 Ke5 60. Kc3
Ke4 61. Bf3+ Ke3 62. Bc6 Kf2 63. Kb4 Kg3 64. Kc3 f3 65. gxf3 h3 66. f4 Kxf4 67.
Bxb5 Kg3 1/2-1/2

[Event "TCh-Moscow 2014"]
[Site "Moscow RUS"]
[Date "2014.10.10"]
[Round "9.3"]
[White "Girya, Olga"]
[Black "Eliseev, Urii"]
[Result "1/2-1/2"]
[WhiteTitle "WGM"]
[BlackTitle "GM"]
[WhiteElo "2476"]
[BlackElo "2521"]
[WhiteTeam "School Chess School Anatoly Karpov"]
[BlackTeam "Moscow Youth"]
[WhiteFideId "4195752"]
[BlackFideId "24131920"]
[EventDate "2014.09.27"]

1. d4 Nf6 2. c4 g6 3. Nc3 d5 4. Bf4 Bg7 5. e3 c5 6. dxc5 Qa5 7. Rc1 dxc4 8. Bxc4
O-O 9. Nf3 Qxc5 10. Bb3 Bg4 11. O-O Qh5 12. h3 Bxf3 13. Qxf3 Qxf3 14. gxf3 Nc6
15. Rfd1 Rfd8 16. Ba4 Nb4 17. Rxd8+ Rxd8 18. a3 Na6 19. Be5 Nc5 20. Bb5 Nd5 21.
Bxg7 Kxg7 22. Ne4 Ne6 23. f4 Nf6 24. Nxf6 Kxf6 25. Rc2 h6 26. Be2 Rd6 27. Bf3
Rb6 28. b4 a5 29. bxa5 Rb3 30. Bd5 Rxa3 31. Bxe6 1/2-1/2

[Event "TCh-Moscow 2014"]
[Site "Moscow RUS"]
[Date "2014.10.10"]
[Round "9.3"]
[White "Vavulin, Maksim"]
[Black "Dvalishvili, Pavel S."]
[Result "0-1"]
[WhiteTitle "IM"]
[BlackTitle "IM"]
[WhiteElo "2431"]
[BlackElo "2439"]
[WhiteTeam "Moscow Youth"]
[BlackTeam "School Chess School Anatoly Karpov"]
[WhiteFideId "4169530"]
[BlackFideId "4121996"]
[EventDate "2014.09.27"]

1. e4 e5 2. Nf3 Nc6 3. Bb5 a6 4. Ba4 Nf6 5. d3 d6 6. O-O b5 7. Bb3 Na5 8. h3
Nxb3 9. axb3 Be7 10. b4 O-O 11. Re1 h6 12. Nbd2 Nh7 13. Nb3 f5 14. exf5 Bxf5 15.
d4 e4 16. Nfd2 d5 17. Nc5 Bh4 18. Re2 Qf6 19. Nf1 Bg4 20. g3 Bxh3 21. gxh4 Qf3
22. Ne3 Qh5 23. Ra3 Rf3 24. Nb3 Qxh4 25. Nd2 Ng5 26. Nef1 Bxf1 27. Nxf1 Nh3+ 28.
Kg2 Nxf2 0-1

[Event "TCh-Moscow 2014"]
[Site "Moscow RUS"]
[Date "2014.10.10"]
[Round "9.3"]
[White "Arslanov, Shamil"]
[Black "Zakhartsov, Vladimir"]
[Result "1-0"]
[WhiteTitle "IM"]
[BlackTitle "IM"]
[WhiteElo "2407"]
[BlackElo "2407"]
[WhiteTeam "School Chess School Anatoly Karpov"]
[BlackTeam "Moscow Youth"]
[WhiteFideId "4192826"]
[BlackFideId "4145097"]
[EventDate "2014.09.27"]

1. Nf3 g6 2. d4 Nf6 3. c4 Bg7 4. Nc3 d5 5. cxd5 Nxd5 6. g3 c5 7. Bg2 Nc6 8. O-O
Nxc3 9. bxc3 O-O 10. d5 Na5 11. Qd3 e6 12. d6 Bd7 13. Bg5 f6 14. Be3 Rc8 15. Nd2
Bc6 16. Ne4 b6 17. Qa6 Rf7 18. Rad1 Bb7 19. Qb5 Qd7 20. Qb1 h6 21. Nd2 Bxg2 22.
Kxg2 f5 23. Nf3 e5 24. Bxh6 e4 25. Ng5 Bxh6 26. Nxf7 Kxf7 27. Rd5 Re8 28. Rfd1
Re6 29. h4 Rf6 30. e3 Kg7 31. Qc2 Kh7 32. c4 Nc6 33. a3 Rf7 34. h5 Rf6 35. hxg6+
Rxg6 36. Qe2 Rg5 37. Rh1 Kg6 38. Qb2 Bg7 39. Qb5 Bf6 40. a4 Kg7 41. a5 Ne5 42.
Qa6 Nd3 43. axb6 axb6 44. Qxb6 Bd8 45. Qb8 Nb4 46. Ra1 Nc6 47. Qb5 Bf6 48. Ra6
f4 49. Rxg5+ Bxg5 50. Qxc6 f3+ 51. Kh2 Qg4 52. Ra7+ Kg6 53. d7+ 1-0

[Event "TCh-Moscow 2014"]
[Site "Moscow RUS"]
[Date "2014.10.10"]
[Round "9.3"]
[White "Smirnov, Timofey"]
[Black "Babikov, Ivan"]
[Result "0-1"]
[BlackTitle "FM"]
[WhiteElo "2269"]
[BlackElo "2273"]
[WhiteTeam "Moscow Youth"]
[BlackTeam "School Chess School Anatoly Karpov"]
[WhiteFideId "24176427"]
[BlackFideId "4161106"]
[EventDate "2014.09.27"]

1. e4 e5 2. Nf3 Nc6 3. Bb5 a6 4. Ba4 Nge7 5. O-O g6 6. d4 exd4 7. Nxd4 Bg7 8.
Be3 O-O 9. c4 d6 10. Nc3 Ne5 11. Bb3 c5 12. Nc2 f5 13. f3 f4 14. Bf2 Be6 15. Qe2
Qe8 16. Rad1 Rd8 17. Ne1 N5c6 18. Nd5 Nd4 19. Bxd4 Bxd4+ 20. Rxd4 cxd4 21. Qd2
Nxd5 22. cxd5 Bd7 23. Qxd4 Qe5 24. Qxe5 dxe5 25. Rf2 Rc8 26. Rd2 Kg7 27. Kf2 Kf6
28. Nc2 a5 29. a4 Rfd8 30. Na3 Rc5 31. Ke2 b5 32. axb5 Bxb5+ 33. Nxb5 Rxb5 34.
Ba4 Rbb8 35. Rc2 Rdc8 36. Bc6 Ke7 37. Kd3 Kd6 38. Kc3 Rb5 39. Kd3 Rb4 40. Kd2
Rcb8 41. Kc1 g5 42. h3 a4 43. Re2 a3 44. bxa3 Rb1+ 45. Kd2 R8b2+ 46. Kd3 Rd1+ 0-1

[Event "TCh-Moscow 2014"]
[Site "Moscow RUS"]
[Date "2014.10.10"]
[Round "9.3"]
[White "Mukhitdinov, Akmalkhon"]
[Black "Drozdova, Dina"]
[Result "1-0"]
[BlackTitle "WIM"]
[WhiteElo "2121"]
[BlackElo "2234"]
[WhiteTeam "Moscow Youth"]
[BlackTeam "School Chess School Anatoly Karpov"]
[WhiteFideId "24150851"]
[BlackFideId "4170695"]
[EventDate "2014.09.27"]

1. c4 e5 2. Nc3 Nf6 3. g3 Bb4 4. Bg2 Bxc3 5. bxc3 O-O 6. Nf3 d6 7. O-O e4 8. Nd4
Re8 9. d3 h6 10. Rb1 b6 11. f4 Bb7 12. h3 c5 13. Nf5 Qd7 14. Ne3 exd3 15. exd3
Bxg2 16. Kxg2 Na6 17. Qf3 Nc7 18. g4 Nh7 19. Rb2 Rad8 20. Kh1 d5 21. Rg2 dxc4
22. dxc4 Qd3 23. g5 h5 24. f5 Nf8 25. g6 f6 26. Qf4 Rd7 27. Rd2 Qe4+ 28. Qxe4
Rxe4 29. Rxd7 Nxd7 30. Rd1 Nf8 31. Kg2 Re7 32. Kf3 Nd7 33. Nd5 Nxd5 34. cxd5
Ne5+ 35. Kg3 c4 36. d6 Rd7 37. Rd5 Nd3 38. Be3 Kf8 39. Kh4 Ne5 40. Kxh5 Rd8 41.
Bf4 Nd3 42. Bg3 Nc5 43. Rd4 b5 44. d7 Kg8 45. Bd6 Nxd7 46. Bc7 Rc8 47. Rxd7 b4
48. cxb4 1-0

[Event "TCh-Moscow 2014"]
[Site "Moscow RUS"]
[Date "2014.10.10"]
[Round "9.4"]
[White "Popov, Ivan RUS"]
[Black "Paravyan, David"]
[Result "1-0"]
[WhiteTitle "GM"]
[BlackTitle "IM"]
[WhiteElo "2627"]
[BlackElo "2428"]
[WhiteTeam "Palace"]
[BlackTeam "The chip"]
[WhiteFideId "4170350"]
[BlackFideId "4194985"]
[EventDate "2014.09.27"]

1. e4 e5 2. Nf3 Nc6 3. Nc3 Nf6 4. Be2 d5 5. exd5 Nxd5 6. O-O Nxc3 7. bxc3 e4 8.
Ne1 Bd6 9. f3 Bf5 10. Rb1 O-O 11. Rb5 Bg6 12. fxe4 Qh4 13. e5 Nxe5 14. d4 Ng4
15. Nf3 Qe7 16. Bd3 c6 17. Rb1 Ne3 18. Bxe3 Qxe3+ 19. Kh1 b5 20. Re1 Qh6 21.
Bxg6 Qxg6 22. Qe2 a5 23. Rbd1 Rac8 24. Rd3 c5 25. d5 c4 26. Rd4 h6 27. Ne5 Bxe5
28. Qxe5 Qxc2 29. d6 Qxc3 30. d7 Rcd8 31. h4 f6 32. Qd5+ Kh8 33. Re2 b4 34. Kh2
Rg8 35. Rd1 b3 36. Qxg8+ Kxg8 37. Re8+ Kh7 38. Rxd8 Qe5+ 39. Kh1 bxa2 40. Re8
a1=Q 41. Rxa1 Qxa1+ 42. Kh2 Qd4 43. d8=Q Qxh4+ 44. Kg1 Qf4 45. Qd5 Qc1+ 46. Kh2
Qf4+ 47. Kh3 1-0

[Event "TCh-Moscow 2014"]
[Site "Moscow RUS"]
[Date "2014.10.10"]
[Round "9.4"]
[White "Erzhanov, Arman"]
[Black "Rychagov, Andrey"]
[Result "0-1"]
[WhiteTitle "FM"]
[BlackTitle "GM"]
[WhiteElo "2273"]
[BlackElo "2559"]
[WhiteTeam "The chip"]
[BlackTeam "Palace"]
[WhiteFideId "4138821"]
[BlackFideId "4119932"]
[EventDate "2014.09.27"]

1. e4 c5 2. Nf3 e6 3. c3 Nf6 4. e5 Nd5 5. d4 cxd4 6. cxd4 d6 7. a3 Nd7 8. Bd3
dxe5 9. dxe5 Be7 10. O-O O-O 11. Bc2 Qc7 12. Qd3 g6 13. Re1 b6 14. Bh6 Rd8 15.
Nbd2 Ba6 16. Qe4 Nc5 17. Qg4 Bd3 18. Rac1 Qd7 19. Bg5 Bxc2 20. Rxc2 Nd3 21. Re4
Rac8 22. Rec4 Rxc4 23. Qxc4 Bxg5 24. Qxd3 Bxd2 25. Rxd2 Qa4 26. Qd4 Qxd4 27.
Nxd4 Nf4 28. Kf1 g5 29. Nb3 Rxd2 30. Nxd2 Nd3 31. Nc4 b5 32. Nd6 a6 33. b4 Nxe5
34. Ne4 Nc4 35. Nc5 Nxa3 36. Nxa6 Kg7 37. Ke2 Kf6 38. Kd3 Ke5 39. Nc5 f5 40. Nb3
Nc4 41. Nd4 Nb2+ 42. Kc3 Nd1+ 43. Kd3 Nxf2+ 44. Kc3 Ne4+ 45. Kd3 Nd6 46. Nc6+
Kf6 47. Kd4 f4 48. Kc5 Nf5 49. Kxb5 g4 50. Kc4 f3 51. gxf3 gxf3 52. Kd3 e5 53.
b5 e4+ 54. Kd2 Nd6 55. Nd4 Ke5 56. Nc6+ Kf4 57. Nd4 Nc4+ 58. Ke1 0-1

[Event "TCh-Moscow 2014"]
[Site "Moscow RUS"]
[Date "2014.10.10"]
[Round "9.4"]
[White "Novikov, Stanislav"]
[Black "Morozov, Grigoriy"]
[Result "1-0"]
[WhiteTitle "GM"]
[BlackTitle "FM"]
[WhiteElo "2559"]
[BlackElo "2350"]
[WhiteTeam "Palace"]
[BlackTeam "The chip"]
[WhiteFideId "4125371"]
[BlackFideId "4168860"]
[EventDate "2014.09.27"]

1. e4 e6 2. d4 d5 3. Nc3 Bb4 4. e5 Qd7 5. Qg4 Bf8 6. Bg5 b6 7. f4 Ba6 8. Bxa6
Nxa6 9. O-O-O Nb4 10. Nge2 h6 11. Qh3 Ne7 12. Bxe7 Bxe7 13. Rhf1 g6 14. g4 O-O-O
15. a3 Nc6 16. f5 Bg5+ 17. Kb1 h5 18. fxg6 fxg6 19. Qg3 Qe7 20. Nf4 Rdg8 21.
Nce2 Nd8 22. Qd3 Qe8 23. Nh3 Be7 24. g5 Rf8 25. Rf6 Bxf6 26. gxf6 c5 27. dxc5
Nc6 28. cxb6 axb6 29. Nd4 Nxe5 30. Qa6+ Kc7 31. Qa7+ Kc8 32. Qa6+ Kc7 33. Nf4
Rxf6 34. Qa7+ Kc8 35. Qa8+ Kd7 36. Qb7+ Kd6 37. Ndxe6 Nd7 38. Qc7+ Ke7 39. Nxd5+
Kf7 40. Nxf6 Kxf6 41. Rf1+ Ke7 42. Ng5 1-0

[Event "TCh-Moscow 2014"]
[Site "Moscow RUS"]
[Date "2014.10.10"]
[Round "9.4"]
[White "Pletnev, Evgeniy"]
[Black "Gavrilov, Alexei1"]
[Result "0-1"]
[BlackTitle "GM"]
[WhiteElo "2234"]
[BlackElo "2489"]
[WhiteTeam "The chip"]
[BlackTeam "Palace"]
[WhiteFideId "24104140"]
[BlackFideId "4104358"]
[EventDate "2014.09.27"]

1. f4 d5 2. Nf3 g6 3. g3 Bg7 4. Bg2 Nf6 5. O-O b6 6. d3 Bb7 7. c3 O-O 8. Qc2
Nbd7 9. Re1 Re8 10. e4 dxe4 11. dxe4 e5 12. fxe5 Nxe5 13. Nxe5 Rxe5 14. Bf4 Re6
15. Nd2 Qe7 16. Re2 Re8 17. Rae1 Ba6 18. c4 Ng4 19. h3 Ne5 20. b3 Rd8 21. Nf3
Red6 22. Rd2 Nxf3+ 23. Bxf3 Rxd2 24. Bxd2 Qd7 25. Bg5 Qxh3 26. Qg2 Bd4+ 27. Kf1
Qxg2+ 28. Kxg2 f6 29. Bf4 Be5 30. Bxe5 fxe5 31. Bg4 Kf7 32. Re2 Bb7 33. Kf2 h5
34. Bf3 Kf6 35. Ke3 Kg5 36. c5 b5 37. Rc2 Bc6 38. a3 a5 39. Rc1 Rd4 40. Rf1 b4
41. a4 Bb7 42. Bg2 Ba6 43. Rf7 Rd3+ 44. Kf2 Rxb3 45. Rxc7 Rb2+ 46. Kf3 b3 47.
Rc6 Be2+ 48. Ke3 Bc4 49. Bh3 Re2+ 50. Kf3 b2 51. Rb6 Rc2 52. c6 Rc3+ 53. Kf2 Bb3 0-1

[Event "TCh-Moscow 2014"]
[Site "Moscow RUS"]
[Date "2014.10.10"]
[Round "9.4"]
[White "Granovskiy, Alexandr"]
[Black "Rozanov, Pavel B."]
[Result "1/2-1/2"]
[WhiteTitle "IM"]
[BlackTitle "FM"]
[WhiteElo "2288"]
[BlackElo "2227"]
[WhiteTeam "Palace"]
[BlackTeam "The chip"]
[WhiteFideId "13700243"]
[BlackFideId "4129270"]
[EventDate "2014.09.27"]

1. d4 e6 2. c4 Nf6 3. Nc3 Bb4 4. e3 d5 5. Nf3 O-O 6. Bd3 b6 7. O-O Bb7 8. a3 Bd6
9. Qe2 a6 10. e4 dxe4 11. Nxe4 Nbd7 12. Bg5 Be7 13. Rfe1 Re8 14. Rad1 Nxe4 15.
Bxe7 Qxe7 16. Bxe4 Bxe4 17. Qxe4 Nf6 18. Qc6 Qd6 19. Ne5 b5 20. cxb5 axb5 21.
Qxb5 Reb8 22. Qe2 Ra4 23. Qc2 Raa8 24. Rd3 Nd5 25. Rh3 h6 26. Rf3 Nf6 27. b4 Rf8
28. Qc5 Qd5 29. Qxd5 Nxd5 30. Rc1 Ra6 31. Nc6 Rfa8 32. Na5 Rd6 33. Kf1 Rd7 34.
Ke2 Ne7 35. Rd3 Ra6 36. Rcd1 Nd5 37. g3 g5 38. h3 Kg7 39. Nb7 Ra7 40. Nc5 Rd8
41. Rb3 Nb6 42. Rdd3 Kf6 43. Kd1 Ke7 44. Kc2 Rda8 45. Kb1 Rd8 46. Ka2 Rda8 47.
Ne4 Nd5 48. Kb2 Nb6 49. Nd2 Na4+ 50. Ka2 Nb6 51. Nf1 Rd8 52. Ne3 h5 53. Rbc3 h4
54. gxh4 gxh4 55. Nc4 Nd5 56. Na5 Rxa5 57. bxa5 Nxc3+ 58. Rxc3 Kd7 59. Rb3 Kc6
60. Rc3+ Kb7 61. Rc4 Rd5 62. Kb3 Rxa5 63. d5 Rxd5 64. Rxh4 Rd3+ 65. Kb4 Rf3 66.
Rh8 Rxf2 67. h4 Rf4+ 68. Kb5 e5 69. h5 e4 70. h6 e3 71. Re8 Rh4 72. Rxe3 Rxh6
73. Rf3 Rh5+ 74. Kc4 Rh7 75. Rf6 Kc8 76. a4 Rh8 1/2-1/2

[Event "TCh-Moscow 2014"]
[Site "Moscow RUS"]
[Date "2014.10.11"]
[Round "10.2"]
[White "Eliseev, Urii"]
[Black "Popov, Ivan RUS"]
[Result "0-1"]
[WhiteTitle "GM"]
[BlackTitle "GM"]
[WhiteElo "2521"]
[BlackElo "2627"]
[WhiteTeam "Moscow Youth"]
[BlackTeam "Palace"]
[WhiteFideId "24131920"]
[BlackFideId "4170350"]
[EventDate "2014.09.27"]

1. e4 c5 2. Nf3 d6 3. d4 cxd4 4. Nxd4 Nf6 5. Nc3 a6 6. Be3 Ng4 7. Bg5 h6 8. Bh4
g5 9. Bg3 Bg7 10. h3 Ne5 11. f3 Nbc6 12. Bf2 Be6 13. Qd2 Qa5 14. Nb3 Bxb3 15.
cxb3 Rc8 16. O-O-O Ng6 17. Kb1 Nb4 18. Bd4 Bxd4 19. Qxd4 Nc6 20. Qd2 h5 21. a3
h4 22. b4 Qe5 23. Qe3 Nf4 24. Qb6 Nd8 25. b5 O-O 26. bxa6 bxa6 27. Bxa6 Rc6 28.
Qa7 Rxc3 29. bxc3 Nc6 30. Qf2 Qxc3 31. a4 Qb3+ 32. Qb2 Qxa4 33. Bb5 Qa7 34. Bxc6
Rb8 35. Bb5 Qa5 36. Rc1 Kh7 37. Rc3 Qxb5 38. Qxb5 Rxb5+ 39. Kc2 Nxg2 40. Rc7 Re5
41. Rd7 Nf4 42. Kd2 Kg6 43. Ke3 Kf6 44. Ra7 Rb5 45. Ra2 Rb3+ 46. Kf2 Rc3 47. Rd2
Ke5 48. Ra2 Rb3 49. Rd2 Ra3 50. Rc2 Nd3+ 51. Kg2 Kf4 52. Re2 Ne5 53. Rf2 e6 54.
Rhf1 Rd3 55. Ra1 d5 56. exd5 exd5 57. Ra4+ d4 58. Rb4 f5 59. Ra2 Nxf3 60. Rf2 g4
61. Ra4 Rd1 0-1

[Event "TCh-Moscow 2014"]
[Site "Moscow RUS"]
[Date "2014.10.11"]
[Round "10.2"]
[White "Rychagov, Andrey"]
[Black "Vavulin, Maksim"]
[Result "1/2-1/2"]
[WhiteTitle "GM"]
[BlackTitle "IM"]
[WhiteElo "2559"]
[BlackElo "2431"]
[WhiteTeam "Palace"]
[BlackTeam "Moscow Youth"]
[WhiteFideId "4119932"]
[BlackFideId "4169530"]
[EventDate "2014.09.27"]

1. d4 Nf6 2. c4 e6 3. Nc3 c5 4. d5 exd5 5. cxd5 d6 6. Nf3 g6 7. Nd2 Bg7 8. e4
O-O 9. Be2 Re8 10. O-O Na6 11. Re1 Nc7 12. a4 Rb8 13. Ra3 a6 14. Rb3 Bd7 15. a5
Na8 16. Ra3 Nc7 17. Rb3 Na8 18. Ra3 Nc7 19. Rb3 1/2-1/2

[Event "TCh-Moscow 2014"]
[Site "Moscow RUS"]
[Date "2014.10.11"]
[Round "10.2"]
[White "Zakhartsov, Vladimir"]
[Black "Novikov, Stanislav"]
[Result "1/2-1/2"]
[WhiteTitle "IM"]
[BlackTitle "GM"]
[WhiteElo "2407"]
[BlackElo "2559"]
[WhiteTeam "Moscow Youth"]
[BlackTeam "Palace"]
[WhiteFideId "4145097"]
[BlackFideId "4125371"]
[EventDate "2014.09.27"]

1. e4 g6 2. d4 Bg7 3. Nc3 c6 4. f4 Qb6 5. Nf3 d5 6. e5 Bg4 7. Be2 Nh6 8. Nh4
Bxe2 9. Nxe2 e6 10. O-O Bf8 11. c3 c5 12. h3 Nf5 13. Nxf5 gxf5 14. Kh2 Nc6 15.
Rf3 Rg8 16. dxc5 Bxc5 17. b4 Be7 18. a4 Qc7 19. Be3 a5 20. b5 Nb8 21. Rg3 Rg6
22. c4 dxc4 23. Nd4 Nd7 24. Qh5 O-O-O 25. b6 Qxb6 26. Nxf5 Bc5 27. Ne7+ Kb8 28.
Bxc5 Nxc5 29. Nxg6 hxg6 30. Qh4 Rd4 31. Qe7 Qc7 32. Qe8+ Ka7 33. Rf3 Nd3 34. Qb5
g5 35. g3 gxf4 36. gxf4 Nxf4 37. Raf1 Rd5 38. Qb1 Nd3 39. Rxf7 Qxe5+ 40. Kh1
Qe4+ 41. Kh2 Rg5 42. Rg1 Qe5+ 43. Kh1 Qd5+ 44. Kh2 Qd6+ 45. Kh1 Qc6+ 46. Kh2
Qd6+ 47. Kh1 Qc6+ 48. Kh2 Re5 49. Rg2 Ne1 50. Rb2 Nf3+ 51. Kg3 Rg5+ 52. Kf2 Rg2+
53. Kxg2 Nd2+ 54. Kf2 Nxb1 55. Rxb1 Qc5+ 56. Ke2 Qe5+ 57. Kf1 Ka6 58. Rfxb7 Qf4+
59. Ke2 Qe4+ 60. Kd1 Qd3+ 61. Ke1 Qg3+ 62. Kd1 Qf3+ 63. Ke1 Qh1+ 64. Ke2 Qg2+
65. Ke1 Qe4+ 66. Kd1 Qd3+ 1/2-1/2

[Event "TCh-Moscow 2014"]
[Site "Moscow RUS"]
[Date "2014.10.11"]
[Round "10.2"]
[White "Krapivin, Alexander"]
[Black "Kovalev, Egor"]
[Result "1-0"]
[WhiteTitle "GM"]
[WhiteElo "2442"]
[BlackElo "2209"]
[WhiteTeam "Palace"]
[BlackTeam "Moscow Youth"]
[WhiteFideId "4154720"]
[BlackFideId "24124117"]
[EventDate "2014.09.27"]

1. Nf3 Nf6 2. b3 d6 3. d4 g6 4. Bb2 Bg7 5. e3 O-O 6. Be2 Nbd7 7. O-O Ne4 8. Nbd2
Ndf6 9. c4 c6 10. Nxe4 Nxe4 11. Nd2 Nxd2 12. Qxd2 e5 13. Rad1 e4 14. f3 exf3 15.
Bxf3 Qg5 16. Qf2 Bg4 17. Ba3 Bxf3 18. Qxf3 Rad8 19. e4 Qa5 20. b4 Qa6 21. b5
cxb5 22. e5 bxc4 23. Bxd6 Rxd6 24. exd6 Qxd6 25. Qxb7 Bxd4+ 26. Kh1 Qc5 27. Qd7
Bg7 28. Rd5 Qa3 29. Qc7 Qxa2 30. Rd8 c3 31. Rxf8+ Bxf8 32. Qxc3 Qd5 33. Ra1 h5
34. Qa5 Qxa5 35. Rxa5 Kg7 36. Rxa7 Bd6 37. Ra5 Bc7 38. Rb5 Bd6 39. Kg1 Bf4 40.
h3 Bd6 41. Kf2 Bc7 42. Kf3 Kf6 43. Ke4 Bg3 44. Rb3 Bc7 45. Rf3+ Kg7 46. Kd5 Bb8
47. Rb3 Bf4 48. Kc6 Kh6 49. Kd7 Kg5 50. Ke7 f6 51. Kf7 Kf5 52. Rf3 h4 53. Rf1 g5
54. Rf3 Ke5 55. Kg6 Ke6 56. Rf1 Be5 57. Re1 Kd5 58. Kf5 Kd4 59. Re4+ Kd5 60. Ra4
Kd6 61. Ra7 1-0

[Event "TCh-Moscow 2014"]
[Site "Moscow RUS"]
[Date "2014.10.11"]
[Round "10.2"]
[White "Ivanova, Karina"]
[Black "Granovskiy, Alexandr"]
[Result "1/2-1/2"]
[BlackTitle "IM"]
[WhiteElo "2151"]
[BlackElo "2288"]
[WhiteTeam "Moscow Youth"]
[BlackTeam "Palace"]
[WhiteFideId "24139750"]
[BlackFideId "13700243"]
[EventDate "2014.09.27"]

1. d4 d5 2. c4 e6 3. Nf3 Nf6 4. Nc3 Be7 5. Bf4 O-O 6. e3 b6 7. cxd5 Nxd5 8. Nxd5
Qxd5 9. Bxc7 Bb4+ 10. Nd2 Ba6 11. Bxb8 Bxd2+ 12. Qxd2 Bxf1 13. Kxf1 Raxb8 14.
Qe2 Rbc8 15. f3 Qh5 16. h4 Rc7 17. g4 Qa5 18. Rh2 Rfc8 19. Qd2 Qd5 20. Qd1 h5
21. g5 Qf5 22. Kg1 g6 23. Rb1 Kh7 24. Ra1 b5 25. Rb1 a5 26. Kf2 e5 27. Kg3 exd4
28. exd4 Rc4 29. Rd2 Qd5 30. b3 Qd6+ 31. Kg2 Rc3 32. Qe1 Qf4 33. Qf2 Re8 34. Rf1
a4 35. bxa4 bxa4 36. d5 Rd8 37. Qd4 Qxd4 38. Rxd4 Ra3 39. Rf2 Rd6 40. Rfd2 Kg7
41. R4d3 Rxd3 42. Rxd3 Kf8 43. Kg3 Ke7 44. Kf4 f6 45. Rd4 a3 46. Rd3 fxg5+ 47.
Kxg5 Kf7 48. Rxa3 Rxd5+ 49. Kf4 Rf5+ 50. Ke4 Rc5 51. Ra7+ Kf6 52. Ra6+ Kf7 53.
Kf4 Rf5+ 54. Kg3 Rc5 55. a4 Rc4 56. a5 Ra4 57. Ra8 Kg7 58. a6 Kh7 59. a7 Kg7 60.
Kf2 Ra3 61. Ke2 Kh7 62. Kd2 Kg7 63. Kc2 Ra1 64. Kd3 Ra4 65. Kc3 Ra1 66. Kd4 Ra2
67. Ke5 Ra1 68. Ke6 Re1+ 69. Kd6 Rd1+ 70. Ke5 Ra1 71. f4 Re1+ 72. Kd4 Rd1+ 73.
Kc3 Ra1 74. Kb2 Ra6 75. Kb3 Ra1 1/2-1/2